000 03432nam0a2200397 4500
001 RU\NLR\BIBL_A\012743599
005 20220519141326.0
010 _a978-5-94552-462-0
_9107
021 _aRU
_bКН-П-21-089393
_9КН-П-21-7123
035 _a(NLR Aleph) 012743599
035 _a(RuMoRGB)010926594
090 _a13010124
_c13010124
100 _a20220329d2021 u y0rusy50 ca
101 0 _arus
102 _aRU
105 _ay|||j|||000zy
181 0 _ai4
_baxxe
182 0 _an
200 1 _aСудебные споры, связанные с расторжением служебного контракта с участковым уполномоченным полиции
_eучебное пособие
_eпо специальности 40.05.02 "Правоохранительная деятельность"
_fИ.Г. Бублик, А.С. Селиванов, Г.Б. Федоренко
_gМинистерство внутренних дел Российской Федерации, Барнаульский юридический институт МВД России
203 _aТекст
_bвизуальный
_cнепосредственный
210 _aБарнаул
_cНИиРИО БЮИ МВД России
_d2021
215 _a39 с.
_d21
320 _aБиблиогр.: с. 36-38 (21 назв.)
330 _aУчебное пособие посвящено вопросам оспаривания фактов неправомерного расторжения контракта c участковыми уполномоченными полиции. Раскрыты особенности реализации трудовых отношений в органах внутренних дел. Предназначено для углубленного изучения материала дисциплины <Трудовое право> по темам <Трудовой договор>, <Трудовые споры и порядок их разрешения> по специальности 40.05.02 <Правоохранительная деятельность> обучающимися в образовательных организациях высшего образования системы МВД России и использования сотрудниками подразделений участковых уполномоченных полиции, правовых подразделений МВД России
606 1 _aОрганы внутренних дел
_jУчебные издания для высших учебных заведений
_xКадры
_xТрудовые конфликты
_yРоссийская Федерация
_92377243
_3RU\NLR\AUTH\661418554
606 1 _aОрганы внутренних дел
_jУчебные издания для высших учебных заведений
_xКадры
_xУвольнение
_yРоссийская Федерация
_92394236
_3RU\NLR\AUTH\6601647825
686 1 _aХ627.52я73
686 1 _aХ627.14я73
686 1 _aХ621.163.1я73
700 1 _aБублик
_bИ. Г.
_gИван Геннадьевич
701 1 _aСеливанов
_bА. С.
_gАлексей Сергеевич
701 1 _aФедоренко
_bГ. Б.
_gГалина Борисовна
942 _cBOOK
980 _aNB